[Event "26th EUR-ch"]
[Site "Katowice POL"]
[Date "2026.04.15"]
[Round "8.46"]
[White "Manafov, Vugar"]
[Black "Can, Emre"]
[Result "1/2-1/2"]
[WhiteElo "2432"]
[BlackElo "2546"]
[EventDate "2026.04.07"]
[PlyCount "47"]

1.e4 d6 2.d4 Nf6 3.Nc3 g6 4.g3 Bg7 5.Bg2 O-O 6.Nge2 Na6 7.O-O c5 8.h3 cxd4
9.Nxd4 Nc5 10.Be3 Bd7 11.Nb3 Na4 12.Nxa4 Bxa4 13.e5 dxe5 14.Bxb7 Rb8 15.
Qxd8 Rfxd8 16.Bg2 a6 17.Rfd1 e6 18.Rxd8+ Rxd8 19.Nc5 Bxc2 20.Rc1 Rd1+ 21.
Rxd1 Bxd1 22.Nxa6 Nd5 23.Bc5 e4 24.Bxe4 1/2-1/2

[Event "26th EUR-ch"]
[Site "Katowice POL"]
[Date "2026.04.15"]
[Round "8.47"]
[White "Davtian, Arsen"]
[Black "Laurent-Paoli, Pierre"]
[Result "1/2-1/2"]
[WhiteElo "2430"]
[BlackElo "2542"]
[EventDate "2026.04.07"]
[PlyCount "111"]

1.e4 c6 2.d4 d5 3.e5 c5 4.Nf3 Bg4 5.dxc5 e6 6.b4 Ne7 7.Bb5+ Nec6 8.Bb2 a5 
9.a3 Be7 10.h3 Bh5 11.Nbd2 O-O 12.c3 Nxe5 13.Be2 Nxf3+ 14.Bxf3 Bxf3 15.
Qxf3 b6 16.cxb6 Qxb6 17.O-O Nd7 18.Rab1 Bg5 19.Bc1 Rfc8 20.Nc4 Rxc4 21.
Bxg5 Rac8 22.Bd2 Nf6 23.Be3 Qc7 24.bxa5 Qxa5 25.Bd4 Qxa3 26.Rb7 Qf8 27.
Bxf6 gxf6 28.Re1 Qh6 29.Re3 f5 30.Qg3+ Qg6 31.Qd6 f4 32.Rf3 Qf6 33.g3 Kg7 
34.Kh2 R8c6 35.Qd7 e5 36.Qxd5 Rxc3 37.gxf4 R6c5 38.Qd1 Rxf3 39.Qxf3 exf4 
40.Rb4 Rf5 41.Rc4 h5 42.Ra4 Qe5 43.Rc4 Rf6 44.Qc3 Qxc3 45.Rxc3 h4 46.Kg2 
Kg6 47.Kf3 Kg5 48.Rb3 Rc6 49.Rb5+ f5 50.Rb3 Rc4 51.Ra3 Rb4 52.Rc3 Rb1 53.
Ra3 Rh1 54.Kg2 Rd1 55.Kf3 Rg1 56.Rb3 1/2-1/2

[Event "26th EUR-ch"]
[Site "Katowice POL"]
[Date "2026.04.15"]
[Round "8.48"]
[White "Kalogeris, Ioannis"]
[Black "Piorun, Kacper"]
[Result "1-0"]
[WhiteElo "2426"]
[BlackElo "2536"]
[EventDate "2026.04.07"]
[PlyCount "77"]

1.e4 c5 2.Nf3 Nc6 3.Bb5 h6 4.Bxc6 dxc6 5.b3 Nf6 6.d3 g5 7.Bb2 Bg7 8.Nbd2 
Be6 9.O-O Qc7 10.Be5 Qd7 11.Qc1 Rg8 12.Re1 Nh5 13.Bxg7 Rxg7 14.a4 Nf4 15.
Ne5 Qd4 16.Nef3 Qf6 17.e5 Qf5 18.Re3 Bd5 19.Ne1 g4 20.Kf1 O-O-O 21.Qa3 Qh5
22.Kg1 Rdg8 23.Qxc5 Nh3+ 24.Kf1 Nf4 25.Kg1 b6 26.Qxe7 f5 27.Qd6 Nh3+ 28.
Kf1 f4 29.Re4 g3 30.hxg3 fxg3 31.Nef3 Rg6 32.e6 Nxf2 33.Qd7+ Kb8 34.e7 
Nxe4 35.e8=Q+ Rxe8 36.Qxe8+ Kb7 37.dxe4 Qh1+ 38.Ke2 Qxg2+ 39.Kd3 1-0

[Event "26th EUR-ch"]
[Site "Katowice POL"]
[Date "2026.04.15"]
[Round "8.49"]
[White "Makkar, Rajat"]
[Black "Wadsworth, Matthew"]
[Result "1-0"]
[WhiteElo "2422"]
[BlackElo "2532"]
[EventDate "2026.04.07"]
[PlyCount "149"]

1.d4 Nf6 2.c4 e6 3.Nf3 Bb4+ 4.Nbd2 O-O 5.a3 Be7 6.e4 d6 7.Bd3 e5 8.O-O 
Nbd7 9.Re1 a5 10.Nb1 Re8 11.Nc3 Bf8 12.d5 Nc5 13.Bc2 g6 14.Bd2 Nh5 15.b4 
Na6 16.bxa5 Bg7 17.Na4 Nf4 18.Rb1 Qf6 19.Be3 g5 20.Nd2 g4 21.Nf1 h5 22.Ng3
Bh6 23.Qd2 h4 24.Nf5 Kh7 25.Nxh6 Qxh6 26.Bxf4 Qxf4 27.Qxf4 exf4 28.e5+ Kg7
29.exd6 Rxe1+ 30.Rxe1 Bd7 31.dxc7 Bxa4 32.Bxa4 Nxc7 33.Bd7 g3 34.hxg3 fxg3
35.fxg3 hxg3 36.d6 Na6 37.Bb5 Nc5 38.Re3 Kf6 39.d7 Ne6 40.Rxg3 Ke7 41.Kf2 
Nc5 42.Re3+ Ne6 43.Rd3 Rxa5 44.d8=Q+ Nxd8 45.Rd7+ Ke8 46.Rxb7+ Kf8 47.Rd7 
Ne6 48.Rd3 Ke7 49.Bc6 Ra6 50.Bd5 Nc5 51.Re3+ Kf8 52.Kg3 Rb6 53.Kf4 Rb2 54.
g4 Rf2+ 55.Ke5 Ke7 56.Rf3 Re2+ 57.Kd4 Kd6 58.Rxf7 Rd2+ 59.Ke3 Rd3+ 60.Kf4 
Rxa3 61.g5 Ra1 62.g6 Rg1 63.Kf5 Nb3 64.g7 Nd4+ 65.Ke4 Ne6 66.Rf6 Rg4+ 67.
Kf3 Rxg7 68.Rxe6+ Kc5 69.Ke4 Rg4+ 70.Ke5 Rg5+ 71.Kf6 Rg1 72.Rc6+ Kd4 73.
Ke7 Rg7+ 74.Kd6 Rh7 75.Be6 1-0

[Event "26th EUR-ch"]
[Site "Katowice POL"]
[Date "2026.04.15"]
[Round "8.50"]
[White "Maksimovic, Bojan"]
[Black "Tadic, Stefan"]
[Result "1/2-1/2"]
[WhiteElo "2531"]
[BlackElo "2421"]
[EventDate "2026.04.07"]
[PlyCount "57"]

1.Nf3 d5 2.g3 Nf6 3.Bg2 c6 4.O-O Bg4 5.h3 Bxf3 6.Bxf3 e5 7.d3 Bc5 8.Nd2 
O-O 9.e4 a5 10.a4 Nbd7 11.Qe2 h6 12.Bg2 Re8 13.h4 Bf8 14.b3 Nc5 15.Bb2 Qc7
16.Rfe1 dxe4 17.dxe4 Ne6 18.Nf3 Nc5 19.Rad1 b5 20.axb5 cxb5 21.Qxb5 Ncxe4 
22.Nxe5 Qxc2 23.Bd4 Rab8 24.Qc6 Qxc6 25.Nxc6 Rxb3 26.Nxa5 Rbb8 27.Nc6 Rbc8
28.Ne5 Nc3 29.Bxc3 1/2-1/2

[Event "26th EUR-ch"]
[Site "Katowice POL"]
[Date "2026.04.15"]
[Round "8.52"]
[White "Piliposian, Robert"]
[Black "Kadric, Denis"]
[Result "0-1"]
[WhiteElo "2420"]
[BlackElo "2523"]
[EventDate "2026.04.07"]
[PlyCount "78"]

1.e4 d6 2.d4 Nf6 3.Nc3 e5 4.Nf3 Nbd7 5.Bc4 Be7 6.O-O O-O 7.a4 c6 8.Re1 h6 
9.a5 Re8 10.h3 Qc7 11.Bf1 exd4 12.Nxd4 Bf8 13.Bf4 Rb8 14.b4 a6 15.Nb3 b5 
16.axb6 Rxb6 17.Ra4 Ne5 18.Qa1 d5 19.Kh1 Bxb4 20.exd5 cxd5 21.Nb5 axb5 22.
Rxb4 Ne4 23.f3 Qe7 24.Qxe5 Re6 25.Qd4 Nf2+ 26.Qxf2 Rxe1 27.Bd2 Rb1 28.Kh2 
Qc7+ 29.Bf4 Qc3 30.Rd4 g5 31.Bd6 Ree1 32.Bxb5 Rh1+ 33.Kg3 Bxh3 34.Rd2 Rbg1
35.Qd4 Qc8 36.Re2 Bd7 37.Bxd7 Qxd7 38.Kf2 Rf1+ 39.Ke3 Qxd6 0-1

[Event "26th EUR-ch"]
[Site "Katowice POL"]
[Date "2026.04.15"]
[Round "8.53"]
[White "Petriashvili, Nikoloz"]
[Black "Fus, Jakub"]
[Result "1/2-1/2"]
[WhiteElo "2518"]
[BlackElo "2410"]
[EventDate "2026.04.07"]
[PlyCount "106"]

1.d4 Nf6 2.Nf3 e6 3.g3 b5 4.Bg5 Bb7 5.Qd3 a6 6.Nbd2 c5 7.c3 d5 8.Bg2 Nbd7 
9.O-O Be7 10.a4 O-O 11.Rfe1 b4 12.c4 a5 13.Ne5 Nxe5 14.dxe5 Nd7 15.Bxe7 
Qxe7 16.f4 Nb6 17.cxd5 exd5 18.Qb5 Qc7 19.Rec1 Rfc8 20.Nb3 Nd7 21.Qd3 c4 
22.Qe3 Nc5 23.Nd4 Qd7 24.f5 Re8 25.Rf1 Qe7 26.Nb5 Nb3 27.Rad1 Qxe5 28.Qxe5
Rxe5 29.Nd6 Bc6 30.Nxc4 Rxe2 31.Bxd5 Bxd5 32.Rxd5 Rc2 33.Nb6 Re8 34.Rf2 
Rc6 35.Re2 Rc1+ 36.Kf2 Rxe2+ 37.Kxe2 h5 38.Rd8+ Kh7 39.Nd7 Rc2+ 40.Ke3 
Rxh2 41.Ne5 f6 42.Ng6 Kh6 43.Ne7 Nc1 44.Kf3 Re2 45.Ng6 Rxb2 46.Nf4 Kg5 47.
Rd7 Kh6 48.Rd8 Rb3+ 49.Ke4 Kh7 50.Ng6 Kh6 51.Nf4 Kh7 52.Ng6 Kh6 53.Nf4 Kh7
1/2-1/2

[Event "26th EUR-ch"]
[Site "Katowice POL"]
[Date "2026.04.15"]
[Round "8.54"]
[White "Brunello, Sabino"]
[Black "Agdelen, Huseyin Can"]
[Result "1-0"]
[WhiteElo "2516"]
[BlackElo "2405"]
[EventDate "2026.04.07"]
[PlyCount "167"]

1.e4 c5 2.Nf3 e6 3.d4 cxd4 4.Nxd4 Nf6 5.Bd3 Nc6 6.Nf3 d5 7.exd5 exd5 8.h3 
Bc5 9.O-O O-O 10.Nbd2 Re8 11.Nb3 Bb6 12.Re1 Ne4 13.Be3 Bf5 14.c3 Bg6 15.
Nbd4 Bc7 16.Bc2 a6 17.Ba4 Qd6 18.c4 Red8 19.Nxc6 bxc6 20.cxd5 cxd5 21.Rc1 
Bh5 22.Rc6 Bxf3 23.Rxd6 Bxd1 24.Rxd8+ Rxd8 25.Rxd1 Be5 26.Bb6 Rd6 27.Bc7 
Re6 28.Bxe5 Rxe5 29.Bc6 Nf6 30.b4 Kf8 31.a4 Ke7 32.a5 Re6 33.Bb7 Kd7 34.
Rc1 Re4 35.Rb1 Re6 36.b5 axb5 37.Rxb5 Re1+ 38.Kh2 Ra1 39.Bxd5 Nxd5 40.
Rxd5+ Ke6 41.Rb5 Ra2 42.Kg3 h6 43.h4 Ra3+ 44.f3 g6 45.h5 Kf6 46.Kf4 gxh5 
47.Rxh5 Kg6 48.g4 Ra4+ 49.Ke3 Ra3+ 50.Ke4 Ra4+ 51.Kd3 Ra3+ 52.Ke2 Ra2+ 53.
Ke3 Ra3+ 54.Kf2 Ra2+ 55.Kg3 Ra4 56.Rf5 Kg7 57.Kf2 Ra3 58.Kg3 Ra4 59.Rc5 f6
60.Kf2 Ra3 61.Ke2 Kg6 62.Rf5 Rb3 63.Rd5 Ra3 64.Kf2 Kf7 65.Kg3 Ra4 66.Rc5 
Kg6 67.Rb5 Kf7 68.f4 Kg6 69.Rb7 h5 70.gxh5+ Kxh5 71.Rb5+ Kg6 72.f5+ Kf7 
73.Kf3 Ke7 74.Rd5 Ra3+ 75.Ke4 Ra4+ 76.Kd3 Ra1 77.Kc4 Rb1 78.Kc5 Rb2 79.a6 
Ra2 80.Kb6 Rb2+ 81.Rb5 Rd2 82.a7 Rd6+ 83.Kb7 Rd7+ 84.Ka6 1-0

[Event "26th EUR-ch"]
[Site "Katowice POL"]
[Date "2026.04.15"]
[Round "8.55"]
[White "Reuker, Jari"]
[Black "Royal, Shreyas"]
[Result "1/2-1/2"]
[WhiteElo "2413"]
[BlackElo "2515"]
[EventDate "2026.04.07"]
[PlyCount "87"]

1.d4 Nf6 2.c4 e6 3.g3 d5 4.Nf3 Be7 5.Bg2 O-O 6.O-O a5 7.Qc2 a4 8.Rd1 Nbd7 
9.Nbd2 c5 10.cxd5 exd5 11.Nb1 b5 12.Nc3 b4 13.Nxa4 c4 14.Ne5 Ra6 15.b3 Qa5
16.Nb2 c3 17.Nbd3 Ne4 18.f3 Nxe5 19.dxe5 Qb6+ 20.e3 Ng5 21.Nf4 Bb7 22.Nxd5
Qc5 23.f4 Nh3+ 24.Kh1 Bc8 25.Rd4 Qa7 26.f5 Rh6 27.Nxe7+ Qxe7 28.e4 g5 29.
Be3 Qxe5 30.Rf1 Ba6 31.Re1 Re8 32.Rxb4 Rd8 33.Rd1 Rxd1+ 34.Qxd1 Rd6 35.Qc2
Bd3 36.Bd4 Rxd4 37.Qxc3 Bc4 38.Rxc4 Rd1+ 39.Bf1 Qxc3 40.Rxc3 g4 41.Kg2 
Rd2+ 42.Kh1 Rd1 43.Kg2 Rd2+ 44.Kh1 1/2-1/2

[Event "26th EUR-ch"]
[Site "Katowice POL"]
[Date "2026.04.15"]
[Round "8.56"]
[White "Narva, Mai"]
[Black "Davtian, Artur"]
[Result "0-1"]
[WhiteElo "2411"]
[BlackElo "2509"]
[EventDate "2026.04.07"]
[PlyCount "82"]

1.e4 c5 2.Nf3 d6 3.Bb5+ Nd7 4.a4 Nf6 5.Nc3 a6 6.Be2 g6 7.a5 Bg7 8.O-O O-O 
9.d3 b5 10.axb6 Nxb6 11.Be3 Bb7 12.Nd2 a5 13.f4 Qc8 14.Bf3 d5 15.e5 d4 16.
exf6 Bxf6 17.Nde4 dxe3 18.Nxf6+ exf6 19.f5 c4 20.d4 Kg7 21.Qe1 Re8 22.Nb5 
e2 23.Rf2 Bxf3 24.Rxf3 Qd7 25.Nc3 Qxd4+ 26.Rf2 Nd5 27.Nxe2 Qxb2 28.Qc1 Qb6
29.Qd2 Re5 30.Qd4 Qxd4 31.Nxd4 a4 32.Ra3 Re4 33.Ne2 Re3 34.c3 Rb8 35.h3 
Rb1+ 36.Rf1 Rb3 37.Ra2 a3 38.Nd4 Nxc3 39.Nxb3 Nxa2 40.Nd2 c3 41.Nc4 Re2 
0-1

[Event "26th EUR-ch"]
[Site "Katowice POL"]
[Date "2026.04.15"]
[Round "8.57"]
[White "Samadov, Read"]
[Black "Sibashvili, Giorgi"]
[Result "1-0"]
[WhiteElo "2508"]
[BlackElo "2405"]
[EventDate "2026.04.07"]
[PlyCount "51"]

1.d4 d5 2.c4 dxc4 3.Nf3 Nf6 4.e3 e6 5.Bxc4 c5 6.O-O a6 7.Bd3 Nc6 8.Nc3 b5 
9.a4 b4 10.Ne4 Na5 11.Ne5 Bb7 12.Ng5 Qd5 13.e4 Qxd4 14.Ngxf7 Rg8 15.Be3 
Qxb2 16.Bc4 Bxe4 17.Bxe6 Be7 18.Ra2 Qc3 19.Nd6+ Kf8 20.Nd7+ Nxd7 21.Nxe4 
Qe5 22.Qf3+ Nf6 23.Nxf6 Qxe6 24.Qxa8+ Kf7 25.Qxg8+ Kxf6 26.Bg5+ 1-0

[Event "26th EUR-ch"]
[Site "Katowice POL"]
[Date "2026.04.15"]
[Round "8.58"]
[White "Nasuta, Grzegorz"]
[Black "Cukrowski, Filip"]
[Result "1-0"]
[WhiteElo "2506"]
[BlackElo "2400"]
[EventDate "2026.04.07"]
[PlyCount "75"]

1.e4 c5 2.Nf3 e6 3.d4 cxd4 4.Nxd4 Nc6 5.Nc3 Qc7 6.Be3 a6 7.g4 b5 8.Nxc6 
Qxc6 9.Qd2 Bb7 10.O-O-O Rd8 11.Bg2 Bc5 12.Bd4 Bxd4 13.Qxd4 f6 14.g5 e5 15.
Qe3 fxg5 16.Nd5 Nf6 17.Qxg5 Nxd5 18.Rxd5 O-O 19.Rxe5 Rc8 20.Qd2 Rf7 21.Kb1
g6 22.Rg5 Qc4 23.f3 Rf6 24.Rc1 Qf7 25.Rg4 Qe6 26.Rd1 Rc7 27.h4 Qf7 28.h5 
d5 29.exd5 Bc8 30.hxg6 hxg6 31.d6 Rd7 32.Rd4 Bb7 33.Bh3 Rd8 34.f4 Qf8 35.
Bg4 Bc6 36.d7 Qe7 37.a3 Kg7 38.Qc3 1-0

[Event "26th EUR-ch"]
[Site "Katowice POL"]
[Date "2026.04.15"]
[Round "8.59"]
[White "Sukiasian, Vahe A."]
[Black "Travadon, Loic"]
[Result "1/2-1/2"]
[WhiteElo "2395"]
[BlackElo "2505"]
[EventDate "2026.04.07"]
[PlyCount "149"]

1.e4 c5 2.Nf3 Nc6 3.Bb5 Nf6 4.Nc3 Qc7 5.O-O Nd4 6.Re1 a6 7.Bf1 d6 8.Nxd4 
cxd4 9.Ne2 e5 10.c3 d3 11.Ng3 Bg4 12.Qb3 Be6 13.Qd1 Bg4 14.Qb3 Be6 15.Qd1 
h5 16.Bxd3 O-O-O 17.c4 Kb8 18.Nf1 Bxc4 19.Bxc4 Qxc4 20.d3 Qe6 21.d4 Rc8 
22.d5 Qd7 23.f3 g6 24.Be3 Bh6 25.Bf2 Qb5 26.a4 Qb4 27.Qd3 Nd7 28.Re2 Nc5 
29.Qa3 Qxa3 30.Rxa3 Nd7 31.Be3 Bxe3+ 32.Nxe3 Rc1+ 33.Kf2 Rhc8 34.Re1 Rxe1 
35.Kxe1 Rc1+ 36.Kd2 Rh1 37.h3 Rg1 38.Ke2 Rb1 39.Nd1 Rc1 40.Kd2 Rc4 41.Ne3 
Rd4+ 42.Kc3 a5 43.Nc4 Kc7 44.Nxa5 Nb6 45.Kc2 Nxa4 46.Rb3 Nc5 47.Rc3 Ra4 
48.Nc4 f6 49.g4 h4 50.g5 b5 51.b3 Ra2+ 52.Nb2 b4 53.Rc4 fxg5 54.Rxb4 Nd3 
55.Kxd3 Rxb2 56.Rc4+ Kd7 57.Rb4 Rh2 58.Rb7+ Ke8 59.Rg7 Rxh3 60.Ke2 Rh2+ 
61.Kf1 Rb2 62.Rxg6 h3 63.Kg1 Rg2+ 64.Kh1 Kd7 65.b4 Rf2 66.Rxg5 Rxf3 67.
Rg7+ Ke8 68.Rg6 Ke7 69.Rg7+ Kf6 70.Rd7 Rb3 71.Rxd6+ Kg5 72.Rd8 Rxb4 73.d6 
Kf6 74.d7 Ke7 75.Re8+ 1/2-1/2

[Event "26th EUR-ch"]
[Site "Katowice POL"]
[Date "2026.04.15"]
[Round "8.60"]
[White "Smolik, Jachym"]
[Black "Janik, Igor"]
[Result "0-1"]
[WhiteElo "2395"]
[BlackElo "2504"]
[EventDate "2026.04.07"]
[PlyCount "136"]

1.d4 Nf6 2.c4 e6 3.Nc3 Bb4 4.e3 O-O 5.Bd2 b6 6.Nf3 Ba6 7.a3 Bxc3 8.Bxc3 d5
9.b3 c5 10.Bd3 cxd4 11.exd4 Nbd7 12.Rc1 Rc8 13.Qe2 Qc7 14.Bb2 dxc4 15.bxc4
Rfe8 16.O-O Bb7 17.h3 Qf4 18.Qe3 Qxe3 19.fxe3 Ne4 20.Rfd1 Rc7 21.a4 Rec8 
22.Ba3 f5 23.Nd2 Ndf6 24.Nxe4 Bxe4 25.c5 Bxd3 26.Rxd3 Ne4 27.Rb3 h5 28.Rb5
Rc6 29.a5 bxc5 30.Bxc5 R8c7 31.Rb8+ Kh7 32.Re8 Ra6 33.Rb1 Nf6 34.Reb8 Rxa5
35.Bd6 Rc2 36.R8b2 Rxb2 37.Rxb2 Ra1+ 38.Kh2 Nd5 39.Be5 Nxe3 40.Rb7 Nf1+ 
41.Kg1 Ng3+ 42.Kf2 Ne4+ 43.Ke2 Ra2+ 44.Kf1 Nd2+ 45.Kg1 Nc4 46.Rxg7+ Kh6 
47.Re7 Nxe5 48.dxe5 Ra6 49.Kf2 Kg5 50.Kf3 f4 51.Rf7 Ra3+ 52.Kf2 Ra5 53.Kf3
h4 54.Ke4 Ra4+ 55.Kf3 Ra3+ 56.Kf2 Ra5 57.Kf3 a6 58.Rf8 Rb5 59.Ke4 Rb4+ 60.
Kf3 Rb3+ 61.Ke4 Rb4+ 62.Kf3 a5 63.Rf6 Rb6 64.Rf8 Rb3+ 65.Ke4 Rb4+ 66.Kf3 
a4 67.Rf6 Rb6 68.Rf8 Ra6 0-1

[Event "26th EUR-ch"]
[Site "Katowice POL"]
[Date "2026.04.15"]
[Round "8.61"]
[White "Gokerkan, Cem Kaan"]
[Black "Povshednyi, Ivan"]
[Result "1-0"]
[WhiteElo "2501"]
[BlackElo "2391"]
[EventDate "2026.04.07"]
[PlyCount "63"]

1.e4 c6 2.d4 d5 3.e5 Bf5 4.Nc3 a6 5.Bd3 Bxd3 6.cxd3 e6 7.Nf3 Ne7 8.h4 h5 
9.Bg5 a5 10.O-O Qb6 11.Ne2 Nf5 12.Qd2 Na6 13.a3 a4 14.Rfb1 Nc7 15.b3 axb3 
16.a4 Qa5 17.Qd1 Be7 18.Bxe7 Nxe7 19.Ng3 Nf5 20.Rxb3 Nxg3 21.fxg3 O-O 22.
Rxb7 Ra7 23.Rab1 Nb5 24.Rxa7 Nxa7 25.Rb7 Qa6 26.Qb3 Qa5 27.Kh2 Nc8 28.Ng5 
c5 29.Qd1 Qa6 30.Qxh5 Qxd3 31.Rxf7 Re8 32.Rf3 1-0

[Event "26th EUR-ch"]
[Site "Katowice POL"]
[Date "2026.04.15"]
[Round "8.62"]
[White "Pasti, Aron"]
[Black "Psyk, Radoslaw"]
[Result "0-1"]
[WhiteElo "2388"]
[BlackElo "2501"]
[EventDate "2026.04.07"]
[PlyCount "66"]

1.e4 c5 2.Nf3 e6 3.d4 cxd4 4.Nxd4 Nf6 5.Nc3 Nc6 6.a3 d6 7.Be2 Be7 8.Be3 
O-O 9.O-O a6 10.Kh1 Qc7 11.f4 Nxd4 12.Qxd4 b5 13.e5 dxe5 14.Qxe5 Bd6 15.
Qg5 h6 16.Qg3 Bc5 17.Bxc5 Qxc5 18.b4 Qc7 19.a4 bxa4 20.Rxa4 Bb7 21.Qe3 Nd5
22.Nxd5 Bxd5 23.Qc5 Qb7 24.Qf2 Qc6 25.Ra5 Qxc2 26.Bxa6 Qc3 27.Qc5 Qd2 28.
Rf2 Qe1+ 29.Rf1 Qe4 30.Rg1 Qxf4 31.b5 Rfc8 32.Qxc8+ Rxc8 33.Bxc8 Qc7 0-1

[Event "26th EUR-ch"]
[Site "Katowice POL"]
[Date "2026.04.15"]
[Round "8.63"]
[White "Atoyan, Alberto"]
[Black "Velten, Paul"]
[Result "1/2-1/2"]
[WhiteElo "2342"]
[BlackElo "2500"]
[EventDate "2026.04.07"]
[PlyCount "80"]

1.d4 Nf6 2.c4 e6 3.Nc3 Bb4 4.e3 O-O 5.Bd3 d5 6.a3 Be7 7.Nf3 dxc4 8.Bxc4 c5
9.dxc5 Qxd1+ 10.Kxd1 Bxc5 11.b4 Be7 12.Bb2 Nbd7 13.Ke2 a6 14.Bd3 b5 15.Ne4
Bb7 16.Nxf6+ gxf6 17.Rac1 Rfc8 18.Rxc8+ Rxc8 19.Rc1 Rxc1 20.Bxc1 f5 21.Bb2
Bd6 22.h3 h5 23.g3 Bd5 24.h4 f6 25.Nd2 Ne5 26.e4 Nxd3 27.Kxd3 fxe4+ 28.
Nxe4 Bxe4+ 29.Kxe4 f5+ 30.Kd4 Kf7 31.Bc1 Ke7 32.Bf4 Bxf4 33.gxf4 Kd6 34.f3
Kd7 35.Ke5 Ke7 36.Kd4 Kd6 37.Ke3 Kc6 38.Kd4 Kd6 39.Ke3 Kc6 40.Kd4 Kd6 
1/2-1/2

[Event "26th EUR-ch"]
[Site "Katowice POL"]
[Date "2026.04.15"]
[Round "8.64"]
[White "Klimkowski, Jan"]
[Black "Borrmann, Laurenz"]
[Result "1-0"]
[WhiteElo "2498"]
[BlackElo "2391"]
[EventDate "2026.04.07"]
[PlyCount "83"]

1.c4 e6 2.Nf3 d5 3.g3 d4 4.Bg2 Nc6 5.O-O Nh6 6.e3 Nf5 7.e4 Nfe7 8.e5 d3 9.
b3 Qd7 10.Nc3 b6 11.Bb2 Bb7 12.a3 a5 13.Re1 Nf5 14.Ne4 Rb8 15.h4 Ncd4 16.
Nxd4 Nxd4 17.Bxd4 Qxd4 18.Ng5 Bc5 19.Re3 Bxg2 20.Kxg2 O-O 21.f4 b5 22.Nf3 
Qd7 23.Re4 Qc6 24.Qe1 bxc4 25.Rxc4 Qd5 26.Qc1 Be7 27.Rxc7 Bd8 28.Rc5 Qxb3 
29.Qc3 a4 30.Rc4 Be7 31.Qd4 Bxa3 32.Rc3 Bb2 33.Rxb3 Bxd4 34.Rxb8 Bxa1 35.
Rb1 Bc3 36.dxc3 Rc8 37.Ra1 Rc4 38.Nd2 Rxc3 39.Ra2 a3 40.Rxa3 g5 41.Ra4 
gxh4 42.Rd4 1-0

[Event "26th EUR-ch"]
[Site "Katowice POL"]
[Date "2026.04.15"]
[Round "8.65"]
[White "Cieslak, Patryk"]
[Black "Kiladze, Luka"]
[Result "1-0"]
[WhiteElo "2495"]
[BlackElo "2380"]
[EventDate "2026.04.07"]
[PlyCount "117"]

1.e4 c5 2.Nf3 Nc6 3.d4 cxd4 4.Nxd4 Nf6 5.Nc3 e5 6.Ndb5 d6 7.Nd5 Nxd5 8.
exd5 Nb8 9.h4 Be7 10.g4 a6 11.Nc3 b5 12.Be3 Bb7 13.Qd2 Qa5 14.O-O-O Nd7 
15.Kb1 Rc8 16.g5 f5 17.gxf6 Nxf6 18.Bg2 Rc4 19.Qd3 O-O 20.Ne4 Nxd5 21.Ng5 
e4 22.Bxe4 Rxe4 23.Nxe4 Nb4 24.Qb3+ Kh8 25.Bd2 Bxe4 26.Bxb4 Qc7 27.Rhe1 
Rf3 28.Re3 Rxe3 29.fxe3 d5 30.Bxe7 Qxe7 31.Qc3 h5 32.Rg1 Kh7 33.a3 g6 34.
Rf1 Bf5 35.Rf4 a5 36.Kc1 a4 37.Kd2 Qb7 38.Qe5 Qc8 39.Qc3 Qb7 40.Qe5 Qc8 
41.c3 Qc6 42.Qe7+ Kh6 43.Qg5+ Kh7 44.Rxf5 gxf5 45.Qxh5+ Kg7 46.Qxf5 Qd6 
47.Qf4 Qe6 48.Qg5+ Kf8 49.Qd8+ Kf7 50.Qc7+ Kf6 51.Qg3 Ke7 52.h5 Qf5 53.h6 
Ke6 54.Qh4 Qh7 55.Qg4+ Kd6 56.Qf4+ Kc5 57.Qf8+ Kc6 58.Qf6+ Kc5 59.Qg7 1-0

[Event "26th EUR-ch"]
[Site "Katowice POL"]
[Date "2026.04.15"]
[Round "8.66"]
[White "Morkunas, Gustas"]
[Black "Paichadze, Luka"]
[Result "0-1"]
[WhiteElo "2350"]
[BlackElo "2490"]
[EventDate "2026.04.07"]
[PlyCount "120"]

1.d4 Nf6 2.c4 e6 3.g3 Bb4+ 4.Bd2 Qe7 5.Bg2 Nc6 6.Nf3 Bxd2+ 7.Nbxd2 d6 8.
O-O O-O 9.Nb1 e5 10.e3 Bg4 11.h3 Bh5 12.g4 Bg6 13.Nc3 Ne4 14.Nd5 Qd8 15.b4
Re8 16.b5 Na5 17.Rc1 c6 18.bxc6 bxc6 19.Nb4 exd4 20.exd4 Rb8 21.Nd3 Nf6 
22.Nf4 Be4 23.Qa4 Qc7 24.g5 Nd7 25.Nh5 c5 26.dxc5 dxc5 27.Rfd1 Nc6 28.Ng3 
Bxf3 29.Bxf3 Nd4 30.Bd5 Ne5 31.Rb1 Red8 32.Qa3 Rb6 33.h4 Ng6 34.h5 Nf4 35.
Qe3 Nxd5 36.cxd5 Qd7 37.Rxb6 axb6 38.d6 Qxd6 39.Re1 Rf8 40.h6 gxh6 41.gxh6
Qg6 42.Qf4 Ne6 43.Qe5 Qxh6 44.Nf5 Qg5+ 45.Kh1 Qh5+ 46.Kg1 Qg4+ 47.Kf1 Qh3+
48.Ke2 Qxf5 49.Rg1+ Qg6 50.Rxg6+ hxg6 51.a4 Rd8 52.Ke3 c4 53.Qe4 Rd3+ 54.
Ke2 c3 55.Qc4 Rh3 56.Qc8+ Kg7 57.f3 Rh2+ 58.Kd3 c2 59.Qc3+ Kh7 60.a5 bxa5 
0-1

[Event "26th EUR-ch"]
[Site "Katowice POL"]
[Date "2026.04.15"]
[Round "8.67"]
[White "Coicev, Matei-Andrei"]
[Black "Gharibian, Mamikon"]
[Result "1/2-1/2"]
[WhiteElo "2333"]
[BlackElo "2487"]
[EventDate "2026.04.07"]
[PlyCount "56"]

1.e4 d6 2.d4 Nf6 3.Nc3 g6 4.f4 Bg7 5.Nf3 O-O 6.Bd3 Nc6 7.O-O e5 8.d5 Nd4 
9.fxe5 dxe5 10.Nxe5 Nxd5 11.exd5 Bxe5 12.Bf4 Bg7 13.Qd2 c6 14.dxc6 Nxc6 
15.Kh1 Ne5 16.Bh6 Nxd3 17.cxd3 Be6 18.Bxg7 Kxg7 19.d4 Bd5 20.Qf4 f6 21.
Rae1 Rf7 22.Nxd5 Qxd5 23.Re7 f5 24.Rxf7+ Qxf7 25.Qe5+ Qf6 26.Qc7+ Qf7 27.
Qe5+ Qf6 28.Qc7+ Qf7 1/2-1/2

[Event "26th EUR-ch"]
[Site "Katowice POL"]
[Date "2026.04.15"]
[Round "8.68"]
[White "Kucza, Karol"]
[Black "Bronstein, Or"]
[Result "0-1"]
[WhiteElo "2320"]
[BlackElo "2481"]
[EventDate "2026.04.07"]
[PlyCount "94"]

1.e4 c5 2.Nf3 d6 3.d4 cxd4 4.Nxd4 Nf6 5.Nc3 a6 6.Be3 e5 7.Nb3 Be6 8.f3 h5 
9.Qd2 Nbd7 10.Be2 Qc7 11.O-O-O Rc8 12.Kb1 Be7 13.Rc1 O-O 14.h3 h4 15.Rhd1 
b5 16.Bg5 Nb6 17.Bxh4 b4 18.Nd5 Nfxd5 19.exd5 Nxd5 20.Bxe7 Qxe7 21.Bd3 
Rfd8 22.Be4 Nc3+ 23.bxc3 bxc3 24.Qd3 d5 25.Bh7+ Kh8 26.Ka1 Qa3 27.Rb1 Rc4 
28.Nc1 Rd4 29.Qxd4 exd4 30.Bd3 Bd7 31.Ne2 Bb5 32.Rb3 Qe7 33.Bxb5 axb5 34.
Nxd4 Ra8 35.Rxc3 Qa7 36.a3 b4 37.Rb3 Qc5 38.Ka2 Ra4 39.Rd2 Qc4 40.Kb2 
bxa3+ 41.Ka2 Qf1 42.Rb1 Qa6 43.Rb3 Qa5 44.c3 Qc5 45.Re2 Kh7 46.g4 Qc4 47.
Re7 Qd3 0-1

[Event "26th EUR-ch"]
[Site "Katowice POL"]
[Date "2026.04.15"]
[Round "8.69"]
[White "David, Alexandru-Vasile"]
[Black "Ilinca, Felix-Antonio"]
[Result "1/2-1/2"]
[WhiteElo "2314"]
[BlackElo "2481"]
[EventDate "2026.04.07"]
[PlyCount "111"]

1.d4 g6 2.e4 Bg7 3.Nf3 d6 4.Nc3 Nf6 5.Be3 c6 6.Qd2 O-O 7.Bh6 d5 8.Bxg7 
Kxg7 9.e5 Ne4 10.Nxe4 dxe4 11.Ng5 Bf5 12.Rg1 f6 13.g4 Bc8 14.Nxe4 fxe5 15.
O-O-O Qd5 16.Qe3 Nd7 17.Rg3 exd4 18.Rxd4 Qe5 19.Ng5 Qxe3+ 20.Rxe3 e5 21.
Ne6+ Kf7 22.Rd6 Ke7 23.Nxf8 Kxd6 24.Nxh7 Nb6 25.h3 Be6 26.Ng5 Nd5 27.Re1 
Rf8 28.Bd3 Nf4 29.Be4 Bd5 30.Kd2 b5 31.b3 b4 32.Rd1 Nxh3 33.Bxd5 Nxg5 34.
Bg2 Rf4 35.Ke3+ Kc7 36.f3 Ne6 37.Rh1 Nd4 38.Rh6 Nxc2+ 39.Kd2 Nd4 40.Rxg6 
Nxf3+ 41.Ke3 Nd4 42.Be4 Rf1 43.g5 Re1+ 44.Kd3 Rg1 45.Ke3 Kb6 46.Kf2 Rg4 
47.Ke3 Rf4 48.Rg8 Rg4 49.g6 Rg3+ 50.Kf2 Rg4 51.Ke3 Kc5 52.Ra8 Nb5 53.Rc8 
Nd4 54.Ra8 Rg3+ 55.Kf2 Rg4 56.Ke3 1/2-1/2

[Event "26th EUR-ch"]
[Site "Katowice POL"]
[Date "2026.04.15"]
[Round "8.70"]
[White "Babazada, Khazar"]
[Black "Ambartsumian, Tyhran"]
[Result "1/2-1/2"]
[WhiteElo "2480"]
[BlackElo "2372"]
[EventDate "2026.04.07"]
[PlyCount "260"]

1.e4 e5 2.Nf3 Nc6 3.Bb5 a6 4.Ba4 Nf6 5.Nc3 b5 6.Bb3 Be7 7.O-O d6 8.a4 b4 
9.Nd5 Na5 10.Nxf6+ Bxf6 11.Bd5 c6 12.Ba2 Bg4 13.h3 Bh5 14.c3 b3 15.Bxb3 
Nxb3 16.Qxb3 Bxf3 17.gxf3 O-O 18.f4 exf4 19.d3 Be5 20.Qd1 f5 21.exf5 Qg5+ 
22.Qg4 Rxf5 23.d4 Bf6 24.Re1 h5 25.Qxg5 Bxg5 26.Re6 Rd8 27.Bd2 f3 28.Bxg5 
Rxg5+ 29.Kh1 c5 30.Rd1 Rb8 31.dxc5 Rxc5 32.Rd2 Rc4 33.Rexd6 Rxa4 34.Kh2 h4
35.b4 Rb5 36.Rd8+ Kf7 37.R8d5 Rxd5 38.Rxd5 Ke6 39.Rd3 a5 40.bxa5 Rxa5 41.
Rxf3 Ra2 42.Kg2 Rc2 43.Re3+ Kf5 44.Kf3 Rd2 45.Kg2 Rc2 46.Rd3 Ke5 47.Kf3 g6
48.Kg2 Rc1 49.Re3+ Kf4 50.Re6 Rxc3 51.Rxg6 Kf5 52.Rg4 Ra3 53.Rxh4 Ra1 54.
Kg3 Ra3+ 55.f3 Ra1 56.Rh5+ Kg6 57.Rb5 Ra4 58.h4 Rc4 59.Rg5+ Kf6 60.Rg4 Rc5
61.Rf4+ Kg6 62.Kg4 Rc1 63.h5+ Kg7 64.Kg5 Rg1+ 65.Rg4 Rc1 66.f4 Rb1 67.f5 
Ra1 68.h6+ Kh7 69.Re4 Rg1+ 70.Kf6 Ra1 71.Re2 Rb1 72.Ra2 Rc1 73.Ke7 Re1+ 
74.Kf7 Rb1 75.Kf6 Rb3 76.Kg5 Rg3+ 77.Kf4 Rb3 78.Ra6 Rb1 79.Kg5 Rg1+ 80.Kf6
Rb1 81.Re6 Kxh6 82.Kf7+ Kh7 83.f6 Rb8 84.Re8 Rb7+ 85.Re7 Rb8 86.Ra7 Kh6 
87.Re7 Kh7 88.Re6 Ra8 89.Re2 Ra7+ 90.Re7 Ra8 91.Rb7 Kh6 92.Ke6 Kg6 93.Ke7 
Kh7 94.Kf7 Kh6 95.Rd7 Kh7 96.Rd6 Kh6 97.Rd1 Ra7+ 98.Ke6 Ra6+ 99.Rd6 Ra8 
100.Kf7 Kh7 101.Rd1 Ra7+ 102.Ke6 Ra6+ 103.Ke7 Ra7+ 104.Rd7 Ra8 105.Rd6 Kg6
106.Rd7 Kh7 107.Rd2 Ra7+ 108.Ke6 Ra6+ 109.Rd6 Ra8 110.Kf5 Ra5+ 111.Ke6 Ra8
112.Rd7+ Kg6 113.Rg7+ Kh6 114.Rd7 Kg6 115.Ke7 Kh7 116.Kf7 Kh6 117.Rc7 Kh7 
118.Re7 Kh6 119.Re1 Ra7+ 120.Ke6 Ra6+ 121.Kf5 Ra5+ 122.Re5 Ra8 123.Rb5 Kh7
124.Rc5 Kh6 125.Re5 Rb8 126.Ra5 Kh7 127.Kg5 Rb7 128.Re5 Kg8 129.Kg6 Rg7+ 
130.Kf5 Ra7 1/2-1/2